Kendada male (Record no. 88800)
[ view plain ]
| 000 -LEADER | |
|---|---|
| fixed length control field | 00540nam a2200193Ia 4500 |
| 003 - CONTROL NUMBER IDENTIFIER | |
| control field | OSt |
| 005 - DATE AND TIME OF LATEST TRANSACTION | |
| control field | 20260418102218.0 |
| 008 - FIXED-LENGTH DATA ELEMENTS--GENERAL INFORMATION | |
| fixed length control field | 210210b1986 xxu||||| |||| 00| 0 eng d |
| 040 ## - CATALOGING SOURCE | |
| Transcribing agency | AL |
| 041 ## - LANGUAGE CODE | |
| Language code of text/sound track or separate title | Kannada |
| 082 ## - DEWEY DECIMAL CLASSIFICATION NUMBER | |
| Classification number | K894.3 VIRK |
| 100 ## - MAIN ENTRY--PERSONAL NAME | |
| Personal name | VIRABHADRAPPA (Kum). |
| 9 (RLIN) | 154819 |
| Dates associated with a name | ವೀರಭದ್ರಪ್ಪ (ಕುಂ). |
| 245 ## - TITLE STATEMENT | |
| Title | Kendada male |
| Remainder of title | ಕೆಂಡದ ಮಳೆ |
| 260 ## - PUBLICATION, DISTRIBUTION, ETC. | |
| Place of publication, distribution, etc. | Bengaluru |
| Name of publisher, distributor, etc. | Bhagyalakshmi Prakashana |
| Date of publication, distribution, etc. | 1986 |
| 300 ## - PHYSICAL DESCRIPTION | |
| Extent | iv,252 |
| 690 ## - LOCAL SUBJECT ADDED ENTRY--TOPICAL TERM (OCLC, RLIN) | |
| Topical term or geographic name as entry element | Kannada Fiction |
| 9 (RLIN) | 154820 |
| 906 ## - LOCAL DATA ELEMENT F, LDF (RLIN) | |
| a | 038560 |
| 942 ## - ADDED ENTRY ELEMENTS (KOHA) | |
| Source of classification or shelving scheme | Dewey Decimal Classification |
| Koha item type | Book |
| Withdrawn status | Lost status | Source of classification or shelving scheme | Damaged status | Not for loan | Collection code | Home library | Current library | Date acquired | Cost, normal purchase price | Total Checkouts | Full call number | Barcode | Date last seen | Date last checked out | Price effective from | Koha item type |
|---|---|---|---|---|---|---|---|---|---|---|---|---|---|---|---|---|
| Dewey Decimal Classification | Kannada | St Aloysius Library | St Aloysius Library | 02/17/2021 | 20.00 | 1 | K894.3 VIRK | 038560 | 01/04/2024 | 11/25/2023 | 02/17/2021 | Book |